00341 2200145 4500001002100000005001500021035002000036245004200056100001700098300001200115260003400127082000800161084001400169990001200183INLIS00000000000193320250522074236 a0010-05250002251 aJakarta Under Cover 2 /cMoammar Emka0 aMoammar Emka a393 hlm aJakarta :bGagas Media,c2008 a800 a800 MOA j a0713453